Normal view
MARC view
Entry Personal Name
001 - CONTROL NUMBER
- control field: 42979
003 - CONTROL NUMBER IDENTIFIER
- control field: OSt
005 - DATE AND TIME OF LATEST TRANSACTION
- control field: 20160305124721.0
008 - FIXED-LENGTH DATA ELEMENTS
- fixed length control field: 160305|| aca||aabn | a|a d
040 ## - CATALOGING SOURCE
- Original cataloging agency: OSt
- Transcribing agency: OSt
100 ## - HEADING--PERSONAL NAME
- Personal name: कुलदीप नारायण सिंह
670 ## - SOURCE DATA FOUND
- Source citation: Work cat.: (OSt)26847: कुलदीप नारायण सिंह , रचनात्मक, 1963









